书目信息 |
| 题名: |
寻根的叶:西方宗教思想家论人生真义
|
|
| 作者: | 和羔 编译 | |
| 分册: | ||
| 出版信息: | 北京 中国广播电视出版社 1998.09 |
|
| 页数: | 297页 | |
| 开本: | 32开 | |
| 丛书名: | ||
| 单 册: | ||
| 中图分类: | B82-055 | |
| 科图分类: | ||
| 主题词: | 伦理学 | |
| 电子资源: | ||
| ISBN: | 7-5043-3151-1 | |
| 000 | 00605nam0 2200193 45 | |
| 001 | 0008051651 | |
| 005 | 20000805165042.0 | |
| 010 | @a7-5043-3151-1@d16.00元 | |
| 100 | @a20000805d1998 km y0chiy0120 ea | |
| 101 | 0 | @achi |
| 105 | @a z 000yy | |
| 200 | 1 | @a寻根的叶:西方宗教思想家论人生真义@AXun Gen De Ye:Xi Fang Zong Jiao Si Xiang Jia Lun Ren Sheng Zhen Yi@f和羔 编译@FHe Gao Bian Yi |
| 210 | @a北京@c中国广播电视出版社@d1998.09 | |
| 215 | @a297页@d32开 | |
| 606 | 0 | @a伦理学 |
| 690 | @aB82-055@v3 | |
| 701 | 0 | @a和羔@4编译 |
| 801 | @aCN@bPftUser@c20000805 | |
| 905 | @b90254-256@dB82-055@eH.137@f3 | |
| 寻根的叶:西方宗教思想家论人生真义/和羔 编译.-北京:中国广播电视出版社,1998.09 |
| 297页;32开 |
| ISBN 7-5043-3151-1:16.00元 |
| ● |
| 相关链接 |
|
|
|
正题名:寻根的叶:西方宗教思想家论人生真义
索取号:B82-055/H.137
 
预约/预借
| 序号 | 登录号 | 条形码 | 馆藏地/架位号 | 状态 | 备注 |
| 1 | 90254 | 200902540 | 社科库509/509社科库 21排1列5层/ [索取号:B82-055/H.137] | 在馆 | |
| 2 | 90255 | 200902559 | 社科库509/409社科库 10排3列1层/ [索取号:B82-055/H.137] | 在馆 | |
| 3 | 90256 | 200902568 | 社科库509/509社科库 21排1列5层/ [索取号:B82-055/H.137] | 在馆 |